| 000 | 01039nam a22002177a 4500 | ||
|---|---|---|---|
| 999 |
_c6950 _d6950 |
||
| 003 | AR-CdUCM | ||
| 008 | 190319b ||||| |||| 00| 0 spa d | ||
| 040 |
_aMUNICIPALIDAD PROVINCIAL DEL CUSCO _cBIBLIOTECA MUNICIPAL DEL CUSCO |
||
| 082 |
_a620.11 / _bS57 |
||
| 100 |
_aSinger, Ferdinand L. _919593 |
||
| 245 | _aResistencia de Materiales / | ||
| 260 |
_aMéxico : _bHarla , _c1817. |
||
| 300 |
_a560 páginas ; _c23 cm. |
||
| 505 | _aContenido : Esfuerzo Simple -- Deformacion Simple -- Torsion -- Fuerza cortante y momento flexionante en vigas -- esfuerzo en vigas -- deformacion en vigas -- vigas estaticamente indeterminadas -- Vigas continuas -- esfuerzos combinados -- Vigas reforzadas - Columnas -- Uniones remachadas y soldadas -- Temas Especiales -- Comportamiento Inelástico -- A momento de inercia -- Tablas... | ||
| 650 |
_aVigas y resistencia _919594 |
||
| 650 |
_aResistencia de Materiales _919595 |
||
| 650 |
_aConstruccion y Estructuras _919596 |
||
| 700 |
_aSndrew Pytel _919597 |
||
| 942 |
_2ddc _cLIBROS |
||
| 945 | _artm | ||